Culture précise - Mao Zedong et le grand bon en avant - Statistiques

Statistiques générales
  • Ce quiz a été pris 36 fois
  • Le résultat moyen est 3 sur 10
Statistiques - réponses
Hint Réponse % Correct
Quel ouvrage était un véritable symbole de son parti ? Le petit livre rouge
88%
A quelle date Mao Zedong prend le contrôle de la Chine ? 1949
75%
Par quel surnom aimait il se faire appeler ? Le grand timonier
41%
Quel était son opposant durant la guerre civile ? Tchang kaï-chek
34%
Contre quel animal Mao a-t-il déclaré une guerre ? Les moineaux
28%
Selon lui pourquoi il ne faut pas se laver les dents ? "Un tigre ne se brosse pas les dents et pourtant, ses dents restent fortes."
19%
Contre quel partie de la société a-t-il aussi mené une guerre ? Les intellectuels
16%
Combien de temps a duré la guerre civile précédent cet évènement ? 22 ans
9%
Par quel travail Mao Zedong a-t-il découvert les idées marxistes ? Bibliotécaire
0%
Quel fut le résultat néfastes de cette extermination ? Une invasion d'insectes
0%
Aucun quiz correspondant
Distribution des résultats
% des personnes avec chaque résultat
Percentile par nombre de réponses
Votre historique - résultats
Vous n’avez pas pris ce quiz